Transport policy and the environment /

Bibliographic Details
Corporate Authors: European Conference of Ministers of Transport, Organisation for Economic Co-operation and Development
Format: Book
Language:English
Published: Paris, France : OECD Publications Service ; [1990]
Subjects:

MARC

Tag First Indicator Second Indicator Subfields
LEADER 00000cam a2200000 a 4500
001 in00000992913
005 20150927180657.0
008 900608s1990 fr a b i000 0 eng d
010 |a  90182294  
019 |a 22240893 
020 |a 9282111474 
035 |a (OCoLC)21741908 
035 |9 AEZ0137AM 
040 |a DJB  |c DJB  |d DLC  |d IAI  |d TXA  |d UtOrBLW 
043 |a e------ 
049 |a TXAM 
090 |a HE242.A2  |b T72 1990 
245 0 0 |a Transport policy and the environment /  |c ECMT Ministerial session ; prepared in co-operation with OECD. 
264 1 |a Paris, France :  |b OECD Publications Service ;  |c [1990] 
264 2 |a Washington, D.C. :  |b OECD Publications and Information Centre [distributor], 
264 4 |c ©1990 
300 |a 199 pages :  |b illustrations ;  |c 27 cm. 
336 |a text  |b txt  |2 rdacontent 
337 |a unmediated  |b n  |2 rdamedia 
338 |a volume  |b nc  |2 rdacarrier 
500 |a At head of title: European Conference of Ministers of Transport, ECMT. 
500 |a Also published in French with the title: La politique des transports et l'environnement. 
504 |a Includes bibliographical references. 
650 0 |a Transportation and state  |x Environmental aspects  |z Europe. 
710 2 |a European Conference of Ministers of Transport. 
710 2 |a Organisation for Economic Co-operation and Development. 
740 0 |a Politique des transports et l'environnement. 
999 |a MARS 
999 f f |s 55a58dec-8d8c-3459-b179-8292eba3819a  |i 8feb05d9-9a44-3c3a-b351-17cd2d2cf32f  |t 0 
952 f f |p ric  |a Texas A&M University  |b Rellis Campus  |c Joint Library Facility  |d Remote Storage  |t 0  |e HE242.A2 T72 1990  |h Library of Congress classification  |i unmediated -- volume  |m A14815711257 
998 f f |a HE242.A2 T72 1990  |t 0  |l Remote Storage